The functions of the executive (Record no. 63321)

MARC details
000 -LEADER
fixed length control field 00700nam a2200169 a 4500
008 - FIXED-LENGTH DATA ELEMENTS--GENERAL INFORMATION
fixed length control field 120416s1968 ||||||||||||||||| || u
050 ## - LIBRARY OF CONGRESS CALL NUMBER
Classification number HD 31 Bar
100 ## - MAIN ENTRY--PERSONAL NAME
Personal name Barnard, Chester I
245 14 - TITLE STATEMENT
Title The functions of the executive
250 ## - EDITION STATEMENT
Edition statement Thirtieth
260 ## - PUBLICATION, DISTRIBUTION, ETC.
Place of publication, distribution, etc. Cambridge, Mas.
Name of publisher, distributor, etc. Havard University Press
Date of publication, distribution, etc. 1968
350 ## -
-- 0.00
650 ## - SUBJECT ADDED ENTRY--TOPICAL TERM
Topical term or geographic name entry element EXECUTIVE FUNCTIONS
650 #0 - SUBJECT ADDED ENTRY--TOPICAL TERM
Topical term or geographic name entry element MANAGEMENT
995 ## -
-- BINDERY (DAMAGED)
-- 0.00
-- 702112
-- CBU-MAIN LIBRARY (Kitwe)
-- 2
-- 0.00
-- HD 31 Bar
-- 2
-- DAMAGED
-- 000294
-- Main Library Open Access Collection
995 ## -
-- MAIN LIBRARY OPEN ACCESS
-- 0.00
-- 702113
-- CBU-MAIN LIBRARY (Kitwe)
-- 1
-- 0.00
-- HD 31 Bar
-- 1
-- AVAILABLE
-- 000293
-- Main Library Open Access Collection
999 ## -
-- 63321
-- 63321
Holdings
Withdrawn status Lost status Source of classification or shelving scheme Damaged status Not for loan Permanent Location Current Location Shelving location Date acquired Total Checkouts Full call number Barcode Date last seen Price effective from Koha item type
          CBU-MAIN LIBRARY, KITWE. CBU-MAIN LIBRARY, KITWE.   12/24/2022   HD 31 Bar 000294 12/24/2022 12/24/2022 MONOGRAPH
          CBU-MAIN LIBRARY, KITWE. CBU-MAIN LIBRARY, KITWE.   12/24/2022   HD 31 Bar 000293 12/24/2022 12/24/2022 MONOGRAPH